| 000 | 00644cam a22002051 4500 | ||
|---|---|---|---|
| 001 | ca 36000271 | ||
| 003 | DLC | ||
| 005 | 20260227111140.0 | ||
| 008 | 881114s1936 maua 000 0 eng | ||
| 010 | _aca 36000271 | ||
| 035 | _a(OCoLC)18757268 | ||
| 040 |
_aDLC _cRPB _dDLC |
||
| 050 | 0 | 0 |
_aPS3501.L477 _bC3 1936 |
| 082 | _a812.5 | ||
| 100 | 1 |
_aAllan, Dorothy C. _q(Dorothy Carter), _d1896-1974. |
|
| 245 | 1 | 0 |
_aCasual acquaintance; _ba play in three acts, _cby Dorothy C. Allan ... |
| 260 |
_aBoston, Mass., _aLos Angeles, Cal. _b[Walter H. Baker Company, _cc1936] |
||
| 300 |
_a59 p. _bdiagr. _c19 cm. |
||
| 490 | 0 | _aBaker's plays for amateurs | |
| 999 |
_c18053 _d18053 |
||